00860nam a2200253 a 4500001000200000003000400002005001700006008004100023020001500064040002500079082002900104100003300133245006900166250001200235260004200247300003500289590002600324650001600350651005300366910001200419942001200431952014600443999001700589 OSt20211108073631.0081029s2000 dr ac 000 0 spa d a9993410047 aDO-SdBNPbspacBNPHU 4a330.122bB742c, 20002221 a Bosch, Juan, d1909-20019110aCapitalismo tardío en la República Dominicana /cJuan Bosch. a4a. ed. aSanto Domingo :bAlfa y Omega,c2000. a238 p. :bil., retrs. ;c21cm. aInventariado, 2021/VM 4aCapitalismo 4aRepública DominicanaxCondiciones económicas aVMateo  2ddccBK 00102ddc40708CDaBPMETbBPMETd2021-11-08eFundación Juan BoschoBPMSU CD 330.122 B742c 2000pBPMSU21110043r2021-11-08w2021-11-08yBK c13845d13845